Southville International School and Colleges
Your cart is empty.
  • Cart
  • Lists
    Public lists Eva Luna New books Lux_list list_1
    Your lists Log in to create your own lists
  • Log in to your account
  • Your cookies
  • Search history
Southville International School and Colleges
  • Advanced search
  • Recent comments
  • Most popular
  • Libraries

Log in to your account

Log in with GOOGLE


If you do not have an external account, but do have a local account, you can still log in:

  1. Home
  2. MARC view: Times asian folktales from Korea /
Normal view MARC view ISBD view

Times asian folktales from Korea / (Record no. 12473)

[ view plain ]
MARC details
000 -LEADER
fixed length control field 00592nam a22001817a 4500
003 - CONTROL NUMBER IDENTIFIER
control field PILC
005 - DATE AND TIME OF LATEST TRANSACTION
control field 20151021102750.0
008 - FIXED-LENGTH DATA ELEMENTS--GENERAL INFORMATION
fixed length control field 131001t xxu||||| |||| 00| 0 eng d
020 ## - INTERNATIONAL STANDARD BOOK NUMBER
International Standard Book Number 981010717X
050 ## - LIBRARY OF CONGRESS CALL NUMBER
Classification number GR 111
Item number .T583 1997
082 ## - DEWEY DECIMAL CLASSIFICATION NUMBER
Classification number GS 398.2
Item number Mc25 1995
245 ## - TITLE STATEMENT
Title Times asian folktales from Korea /
Statement of responsibility, etc retold by Margeri Kahlenberg-Williams.
260 ## - PUBLICATION, DISTRIBUTION, ETC. (IMPRINT)
Place of publication, distribution, etc Singapore :
Name of publisher, distributor, etc Early bird books,
Date of publication, distribution, etc 1997
300 ## - PHYSICAL DESCRIPTION
Extent 60 p. :
Other physical details ill. col. ;
Dimensions 27 cm.
520 ## - SUMMARY, ETC.
Summary, etc The Empty Flowe Pot<br/>The willow whistle<br/>The tricky tiger<br/>The noble magpie<br/>The stonemen
942 ## - ADDED ENTRY ELEMENTS (KOHA)
Source of classification or shelving scheme Library of Congress Classification
Koha item type Books
Holdings
Withdrawn status Lost status Source of classification or shelving scheme Damaged status Home library Current library Shelving location Date acquired Total Checkouts Full call number Barcode Date last seen Copy number Price effective from Koha item type
    Library of Congress Classification   Luxembourg Library Luxembourg Library Grade School Section 10/01/2013   GR 111 .T583 1997 9371 10/01/2013 1 10/01/2013 Books

Times asian folktales from Korea /

APA

(1997). Times asian folktales from Korea. Singapore: Early bird books.

Chicago

1997. Times asian folktales from Korea. Singapore: Early bird books.

Harvard

(1997). Times asian folktales from Korea. Singapore: Early bird books.

MLA

Times asian folktales from Korea. Singapore: Early bird books. 1997.

  • Place hold
  • Print
  • Cite
  • Add to your cart (remove)
  • Save record
    BIBTEX Dublin Core MARCXML MARC (non-Unicode/MARC-8) MARC (Unicode/UTF-8) MARC (Unicode/UTF-8, Standard) MODS (XML) RIS
  • More searches
    Search for this title in:
    Other Libraries (WorldCat) Other Databases (Google Scholar) Online Stores (Bookfinder.com) Open Library (openlibrary.org)

Exporting to Dublin Core...

SOUTHVILLE LIBRARY

Southville International School and Colleges Library

1281 Tropical Ave. Cor. Luxembourg St., BF Homes International, Las Pinas City

Tel. No. 8256374 / 252358 Loc. 117/146

Powered by Koha